[Event "1. Bundesliga 2018/2019"]
[Site "St. Veit an der Glan"]
[Date "2018.11.16"]
[Round "2"]
[Board "2"]
[White "Predojevic, Borki"]
[Black "Brkic, Ante"]
[Result "1/2-1/2"]
[WhiteElo "2621"]
[BlackElo "2560"]
[PlyCount "173"]
[EventDate "2018.11.15"]
[EventType "team"]
[EventRounds "11"]
[EventCountry "AUT"]
[WhiteTeam "SC MPOE Maria Saal"]
[BlackTeam "SV Pillenkoenig St. Veit"]

1.e4 e5 2.Nf3 Nc6 3.Nc3 Nf6 4.d4 exd4 5.Nxd4 Bb4 6.Nxc6 bxc6 7.Bd3 d5 8.exd5 O-O 9.O-O
Bg4 10.Be2 Bxe2 11.Nxe2 cxd5 12.Bg5 Re8 13.Ng3 Bd6 14.Qf3 Be5 15.Nh5 Qd6 16.Bxf6 Bxf6
17.Nxf6+ Qxf6 18.Qxf6 gxf6 19.Rfd1 c6 20.Kf1 a5 21.Rd3 a4 22.Rad1 Reb8 23.b3 axb3
24.axb3 Re8 25.Rc3 Re6 26.g3 Ra5 27.Rd4 Kg7 28.Ra4 Rb5 29.Ra7 d4 30.Rc4 d3 31.cxd3
Rxb3 32.Rg4+ Kf8 33.Rh4 Kg7 34.Rg4+ Kf8 35.Ra8+ Re8 36.Rxe8+ Kxe8 37.Ke2 Rb5 38.Rg8+
Ke7 39.Rc8 Kd6 40.Rh8 h5 41.h4 Ke7 42.f3 Re5+ 43.Kd2 Rf5 44.Ke3 Re5+ 45.Kd2 Rf5 46.f4
Ra5 47.Ke3 Rb5 48.Rc8 Kd7 49.Ra8 Rb1 50.Ra5 Rg1 51.Kf3 Rd1 52.Ke4 Ke6 53.Rxh5 f5+
54.Ke3 c5 55.Rh6+ f6 56.Rh7 Rg1 57.Kf2 Rd1 58.Ke2 Rg1 59.Rg7 Rg2+ 60.Ke3 Rh2 61.Rc7
Kd6 62.Rc8 Rg2 63.Rg8 Ke6 64.Rg7 Rh2 65.Rc7 Kd6 66.Ra7 Rg2 67.Rg7 Ke6 68.h5 Rh2 69.Rc7
Rxh5 70.Rc6+ Ke7 71.Rxc5 Ke6 72.d4 Rh3 73.Kf3 Rh1 74.d5+ Kd7 75.Ke2 Rh2+ 76.Ke3 Rg2
77.Rc6 Rxg3+ 78.Kd4 Rf3 79.Rxf6 Rxf4+ 80.Ke5 Re4+ 81.Kxf5 Re1 82.Re6 Rxe6 83.dxe6+
Ke7 84.Ke5 Ke8 85.Kf6 Kf8 86.e7+ Ke8 87.Ke6 1/2-1/2

[Event "1. Bundesliga 2018/2019"]
[Site "St. Veit an der Glan"]
[Date "2018.11.16"]
[Round "2"]
[Board "3"]
[White "Antoniewski, Rafal"]
[Black "Buhmann, Rainer"]
[Result "1-0"]
[WhiteElo "2500"]
[BlackElo "2581"]
[PlyCount "59"]
[EventDate "2018.11.15"]
[EventType "team"]
[EventRounds "11"]
[EventCountry "AUT"]
[WhiteTeam "SV Pillenkoenig St. Veit"]
[BlackTeam "SC MPOE Maria Saal"]

1.c4 e6 2.Nc3 Nf6 3.e4 d5 4.e5 Nfd7 5.d4 dxc4 6.Bxc4 c5 7.Nf3 cxd4 8.Qxd4 Nc6 9.Qe4
Nc5 10.Qe2 a6 11.O-O Be7 12.Ne4 Nxe4 13.Qxe4 O-O 14.Be3 Qc7 15.Rac1 Bd7 16.Rfe1 Rac8
17.h4 Rfd8 18.h5 Be8 19.Bb3 g6 20.Qg4 Qa5 21.hxg6 hxg6 22.Bh6 Qb6 23.Bg5 Bxg5 24.Nxg5
Nxe5 25.Qh4 Rxc1 26.Rxc1 Nd3 27.Rc4 Kf8 28.Re4 Qc5 29.Nxe6+ fxe6 30.Qf6+ 1-0

[Event "1. Bundesliga 2018/2019"]
[Site "St. Veit an der Glan"]
[Date "2018.11.16"]
[Round "2"]
[Board "4"]
[White "Kreisl, Robert"]
[Black "Rogic, Davor"]
[Result "1-0"]
[WhiteElo "2397"]
[BlackElo "2499"]
[PlyCount "79"]
[EventDate "2018.11.15"]
[EventType "team"]
[EventRounds "11"]
[EventCountry "AUT"]
[WhiteTeam "SC MPOE Maria Saal"]
[BlackTeam "SV Pillenkoenig St. Veit"]

1.c4 e5 2.Nc3 Nf6 3.Nf3 Nc6 4.e3 Be7 5.Qb3 O-O 6.Be2 b6 7.O-O Bb7 8.a3 Re8 9.d3 Bf8
10.Rd1 Na5 11.Qc2 c5 12.Bd2 Rc8 13.b4 cxb4 14.axb4 Bxb4 15.Nb5 Bf8 16.Nxa7 e4 17.Ne1
exd3 18.Bxd3 Rc5 19.Bb4 Rh5 20.Bxf8 Kxf8 21.Be2 Rh6 22.Nb5 Ne4 23.Nf3 g5 24.Qb2 g4
25.Ne5 Qh4 26.Nxg4 Rg6 27.Nd4 Nxf2 28.Nf5 Qg5 29.Qh8+ Rg8 30.Qxh7 Nxg4 31.Bxg4 Qf6
32.Qh3 Rh8 33.Qg3 Nxc4 34.Rac1 Ne5 35.Nd6 Nxg4 36.Nxe8 Kxe8 37.Qxg4 Bc6 38.Qd4 Qh6
39.Qe5+ Kf8 40.Rxc6 1-0

[Event "1. Bundesliga 2018/2019"]
[Site "St. Veit an der Glan"]
[Date "2018.11.16"]
[Round "2"]
[Board "5"]
[White "Hoelzl, Franz"]
[Black "Naumann, Alexander"]
[Result "0-1"]
[WhiteElo "2295"]
[BlackElo "2541"]
[PlyCount "68"]
[EventDate "2018.11.15"]
[EventType "team"]
[EventRounds "11"]
[EventCountry "AUT"]
[WhiteTeam "SV Pillenkoenig St. Veit"]
[BlackTeam "SC MPOE Maria Saal"]

1.Nf3 c5 2.g3 Nc6 3.Bg2 d5 4.d4 Nf6 5.O-O e6 6.c4 dxc4 7.Qa4 Bd7 8.Qxc4 cxd4 9.Nxd4
Rc8 10.Nc3 Nxd4 11.Qxd4 Bc5 12.Qh4 h6 13.Rd1 Qb6 14.g4 Qb4 15.h3 Bc6 16.Bxc6+ Rxc6
17.Rd3 Be7 18.Bd2 Ne4 19.Nxe4 Qxb2 20.Qg3 Qxa1+ 21.Kg2 O-O 22.Rd7 Qb1 23.Qe5 Rc4 24.f3
Bh4 25.Bc3 Rxc3 26.Qxc3 Qxa2 27.Qe3 b6 28.f4 Rd8 29.Nc3 Qa3 30.Rxd8+ Bxd8 31.f5 Qd6
32.Ne4 Qd5 33.fxe6 Qxe6 34.Qf3 Bc7 0-1

[Event "1. Bundesliga 2018/2019"]
[Site "St. Veit an der Glan"]
[Date "2018.11.16"]
[Round "2"]
[Board "6"]
[White "Halvax, Georg"]
[Black "Dietmayer-Kraeutler, Marco"]
[Result "1-0"]
[WhiteElo "2405"]
[BlackElo "2340"]
[PlyCount "85"]
[EventDate "2018.11.15"]
[EventType "team"]
[EventRounds "11"]
[EventCountry "AUT"]
[WhiteTeam "SC MPOE Maria Saal"]
[BlackTeam "SV Pillenkoenig St. Veit"]

1.d4 d5 2.c4 e6 3.Nf3 Nf6 4.Nc3 c6 5.e3 Nbd7 6.Qc2 Be7 7.g4 Nf8 8.g5 Ne4 9.Nxe4 dxe4
10.Qxe4 Bxg5 11.Nxg5 Qxg5 12.h4 Qg6 13.Bd3 Nd7 14.h5 Qxe4 15.Bxe4 e5 16.dxe5 Nxe5
17.b3 f5 18.Bc2 Kf7 19.Bb2 Re8 20.O-O-O Ng4 21.Rhg1 Nf6 22.Rg5 g6 23.hxg6+ hxg6 24.Rh1
Be6 25.Rh6 Rg8 26.f3 Rg7 27.e4 fxe4 28.fxe4 Rag8 29.Rh1 Ke7 30.Rhg1 Nh7 31.Ra5 Rf7
32.Rxa7 Bc8 33.a4 g5 34.a5 Ke6 35.Bd1 Nf6 36.e5 g4 37.exf6 Kf5 38.a6 Kf4 39.Ra8 bxa6
40.Bxg4 Rff8 41.Ba3 Rxf6 42.Rxc8 Rxg4 43.Rf1+ 1-0

[Event "1. Bundesliga 2018/2019"]
[Site "St. Veit an der Glan"]
[Date "2018.11.16"]
[Round "2"]
[Board "1"]
[White "Nisipeanu, Liviu-Dieter"]
[Black "Menezes, Christoph"]
[Result "1-0"]
[WhiteElo "2680"]
[BlackElo "2399"]
[PlyCount "75"]
[EventDate "2018.11.15"]
[EventType "team"]
[EventRounds "11"]
[EventCountry "AUT"]
[WhiteTeam "Schachklub Sparkasse Jenbach"]
[BlackTeam "UNION Ansfelden"]

1.Nf3 d5 2.g3 g6 3.Bg2 Bg7 4.O-O e5 5.d3 Ne7 6.e4 O-O 7.exd5 Nxd5 8.Re1 Nc6 9.Bd2
Re8 10.Nc3 Nde7 11.Rb1 a5 12.a4 Nf5 13.Nb5 Ncd4 14.Nfxd4 Nxd4 15.Nxd4 exd4 16.Qf3
Rxe1+ 17.Rxe1 c6 18.h4 Be6 19.h5 Bd5 20.Qe2 Bxg2 21.Kxg2 Qd5+ 22.Qf3 Qc5 23.h6 Bf8
24.Qf6 Qd6 25.Qxd6 Bxd6 26.Re4 c5 27.g4 Kf8 28.c3 dxc3 29.Bxc3 f5 30.Re6 Be7 31.gxf5
gxf5 32.Rb6 Rd8 33.Rxb7 Rxd3 34.Ra7 f4 35.Rxa5 Kf7 36.Ra7 Ke6 37.a5 f3+ 38.Kg3 1-0

[Event "1. Bundesliga 2018/2019"]
[Site "St. Veit an der Glan"]
[Date "2018.11.16"]
[Round "2"]
[Board "2"]
[White "Weiss, Christian"]
[Black "Volokitin, Andrei"]
[Result "0-1"]
[WhiteElo "2373"]
[BlackElo "2637"]
[PlyCount "70"]
[EventDate "2018.11.15"]
[EventType "team"]
[EventRounds "11"]
[EventCountry "AUT"]
[WhiteTeam "UNION Ansfelden"]
[BlackTeam "Schachklub Sparkasse Jenbach"]

1.d4 Nf6 2.g3 d5 3.Nf3 c5 4.Bg2 cxd4 5.O-O Bg4 6.Nxd4 e5 7.h3 Bh5 8.Nb3 Nbd7 9.a4
h6 10.a5 Rc8 11.c3 a6 12.Be3 Be7 13.Re1 O-O 14.Bxd5 Nxd5 15.Qxd5 Rc6 16.N1d2 Qc7 17.Nc1
Kh8 18.Nd3 f5 19.Bb6 Qc8 20.Nf1 Bf7 21.Qg2 e4 22.Nb4 Bxb4 23.cxb4 Nxb6 24.b5 Rc5 25.axb6
Rxb5 26.Ne3 Rxb6 27.Rac1 Qe6 28.Rc2 Qe5 29.Rec1 Be6 30.Nd1 Kh7 31.Rc5 Qd4 32.e3 Qb4
33.Rc7 Rf7 34.Qf1 Rxc7 35.Rxc7 Qd6 0-1

[Event "1. Bundesliga 2018/2019"]
[Site "St. Veit an der Glan"]
[Date "2018.11.16"]
[Round "2"]
[Board "3"]
[White "Bluebaum, Matthias"]
[Black "Felsberger, Alfred"]
[Result "1-0"]
[WhiteElo "2610"]
[BlackElo "2345"]
[PlyCount "155"]
[EventDate "2018.11.15"]
[EventType "team"]
[EventRounds "11"]
[EventCountry "AUT"]
[WhiteTeam "Schachklub Sparkasse Jenbach"]
[BlackTeam "UNION Ansfelden"]

1.c4 Nf6 2.Nc3 e5 3.Nf3 Nc6 4.e3 d5 5.cxd5 Nxd5 6.Bb5 Nxc3 7.bxc3 Bd6 8.d4 Bd7 9.O-O
O-O 10.Bxc6 Bxc6 11.dxe5 Bxf3 12.Qxf3 Bxe5 13.Ba3 c5 14.Bxc5 Bxh2+ 15.Kxh2 Qc7+ 16.Kg1
Qxc5 17.Qxb7 Qxc3 18.Rfc1 Qa5 19.Rc7 Rfb8 20.Qc6 g6 21.a4 Qb6 22.Rc1 Qxc6 23.R1xc6
Rb1+ 24.Kh2 Rb6 25.a5 Rxc6 26.Rxc6 Kf8 27.Rc7 Rd8 28.Rxa7 Rd2 29.Kg3 Ra2 30.a6 h5
31.e4 Ra5 32.Kf4 g5+ 33.Ke3 Kg7 34.Kd4 Kf6 35.Ra8 h4 36.f3 Ra2 37.e5+ Kg7 38.a7 Ra4+
39.Kd5 Kh7 40.Kc5 Ra2 41.Kd4 Ra4+ 42.Kd5 Kg7 43.Kc5 Ra1 44.Kd4 Ra4+ 45.Kd5 Kh7 46.e6
fxe6+ 47.Kxe6 Kg7 48.Kf5 Ra5+ 49.Kg4 Kh7 50.Kh5 Kg7 51.Rb8 Rxa7 52.Rb6 Kf7 53.Rb5
Kf6 54.Rxg5 Rh7+ 55.Kg4 h3 56.gxh3 Rxh3 57.Ra5 Rh1 58.Ra6+ Kf7 59.f4 Rb1 60.Kg5 Rb5+
61.f5 Rb7 62.Rf6+ Kg7 63.Rg6+ Kf7 64.Rh6 Rb1 65.Rh7+ Kg8 66.Re7 Rb6 67.Re6 Rb7 68.Rh6
Ra7 69.Kg6 Ra1 70.Rh2 Rg1+ 71.Kf6 Ra1 72.Re2 Ra8 73.Kg6 Kf8 74.Rh2 Kg8 75.Rb2 Ra6+
76.f6 Ra8 77.Rb7 Rc8 78.Rg7+ 1-0

[Event "1. Bundesliga 2018/2019"]
[Site "St. Veit an der Glan"]
[Date "2018.11.16"]
[Round "2"]
[Board "4"]
[White "Mostbauer, Florian"]
[Black "Wagner, Dennis"]
[Result "0-1"]
[WhiteElo "2345"]
[BlackElo "2577"]
[PlyCount "106"]
[EventDate "2018.11.15"]
[EventType "team"]
[EventRounds "11"]
[EventCountry "AUT"]
[WhiteTeam "UNION Ansfelden"]
[BlackTeam "Schachklub Sparkasse Jenbach"]

1.d4 g6 2.g3 Bg7 3.Bg2 d5 4.Nf3 Nf6 5.O-O O-O 6.c3 Nbd7 7.Nbd2 c5 8.a4 a5 9.Re1 b6
10.e4 Nxe4 11.Nxe4 dxe4 12.Ng5 cxd4 13.cxd4 Nf6 14.Nxe4 Nxe4 15.Bxe4 Ra7 16.d5 e6
17.dxe6 Bxe6 18.Be3 Bxb2 19.Qxd8 Rxd8 20.Bxb6 Bxa1 21.Rxa1 Rad7 22.Bxd8 Rxd8 23.Rc1
Rd4 24.Bc6 Kf8 25.Rc5 Rc4 26.Rxc4 Bxc4 27.f4 Ke7 28.Kf2 Kd6 29.Be8 Kc5 30.Ke3 f6 31.h4
Kb4 32.g4 Bb3 33.h5 gxh5 34.Bxh5 Bxa4 35.Kd2 h6 36.Kc1 Kc3 37.g5 hxg5 38.fxg5 fxg5
39.Kb1 Bb3 40.Bg4 a4 41.Bd7 a3 42.Ka1 Kd2 43.Kb1 Ke3 44.Bc8 Kf4 45.Bd7 Bd5 46.Bh3
Be4+ 47.Ka2 Bf5 48.Bf1 g4 49.Kxa3 Ke3 50.Kb2 Kf2 51.Bc4 Be4 52.Be6 g3 53.Bh3 Bf5 0-1

[Event "1. Bundesliga 2018/2019"]
[Site "St. Veit an der Glan"]
[Date "2018.11.16"]
[Round "2"]
[Board "5"]
[White "Shengelia, David"]
[Black "Moser, Guenter"]
[Result "1/2-1/2"]
[WhiteElo "2530"]
[BlackElo "2306"]
[PlyCount "157"]
[EventDate "2018.11.15"]
[EventType "team"]
[EventRounds "11"]
[EventCountry "AUT"]
[WhiteTeam "Schachklub Sparkasse Jenbach"]
[BlackTeam "UNION Ansfelden"]

1.d4 f5 2.c4 Nf6 3.g3 g6 4.Bg2 Bg7 5.Nc3 O-O 6.Nh3 Nc6 7.O-O d6 8.d5 Ne5 9.b3 a6 10.Bd2
Rb8 11.a4 c6 12.Nf4 Bd7 13.a5 h6 14.Ne6 Bxe6 15.dxe6 d5 16.cxd5 Nxd5 17.Nxd5 cxd5
18.Be3 d4 19.Bxd4 Nf3+ 20.Bxf3 Qxd4 21.Qxd4 Bxd4 22.Ra4 Bc5 23.Rd1 Bd6 24.e4 fxe4
25.Bxe4 Kg7 26.Kg2 Rf6 27.Bd5 Rf5 28.Re4 b6 29.axb6 Rxb6 30.f4 a5 31.Bc4 Kf6 32.g4
Rc5 33.h4 Kg7 34.Kf3 Rc8 35.Rd5 Rc5 36.Rxc5 Bxc5 37.Re5 Bb4 38.h5 gxh5 39.Rxh5 Rb8
40.Rd5 Rf8 41.g5 hxg5 42.Rxg5+ Kh6 43.Rd5 Rf6 44.Rd8 Kg7 45.Ke4 Rh6 46.Rd1 Rh2 47.Rg1+
Kf8 48.Rg4 Be1 49.Bb5 Rh6 50.Bd7 Bb4 51.f5 Rh8 52.Bb5 Rg8 53.Rf4 Rg3 54.Ba4 Kg7 55.f6+
exf6 56.Rf1 Rg5 57.Kd4 Re5 58.Bd7 Bc5+ 59.Kc4 Bb4 60.Rg1+ Rg5 61.Rh1 Re5 62.Rh3 Rg5
63.Kd4 Re5 64.Rh2 Bc5+ 65.Kd3 Bb4 66.Rh4 Be7 67.Rf4 f5 68.Rf1 Kf6 69.Rh1 Re4 70.Rh7
Bb4 71.Rf7+ Kg5 72.Bc8 Kf4 73.Bd7 Kg5 74.Rh7 Kf6 75.Bc8 Kg5 76.Rf7 Kg6 77.Rb7 Kf6
78.Rf7+ Kg6 79.Rb7 1/2-1/2

[Event "1. Bundesliga 2018/2019"]
[Site "St. Veit an der Glan"]
[Date "2018.11.16"]
[Round "2"]
[Board "6"]
[White "Mostbauer, Maximilian"]
[Black "Schlosser, Philipp"]
[Result "0-1"]
[WhiteElo "2170"]
[BlackElo "2519"]
[PlyCount "54"]
[EventDate "2018.11.15"]
[EventType "team"]
[EventRounds "11"]
[EventCountry "AUT"]
[WhiteTeam "UNION Ansfelden"]
[BlackTeam "Schachklub Sparkasse Jenbach"]

1.d4 Nf6 2.Nf3 e6 3.g3 b5 4.Bg2 Bb7 5.O-O Be7 6.b3 O-O 7.Nbd2 c5 8.dxc5 Na6 9.c4 b4
10.a3 Bxc5 11.axb4 Nxb4 12.Bb2 a5 13.Qb1 d5 14.Ng5 g6 15.h4 Qe7 16.e4 d4 17.e5 Bxg2
18.Kxg2 Nd7 19.Qe4 Bb6 20.Rh1 Nc5 21.Qf3 Ncd3 22.Nde4 h6 23.h5 Nxe5 24.Qf4 Nbd3 25.Qd2
hxg5 26.hxg6 fxg6 27.Ba3 Qb7 0-1

[Event "1. Bundesliga 2018/2019"]
[Site "St. Veit an der Glan"]
[Date "2018.11.16"]
[Round "2"]
[Board "1"]
[White "Lizak, Peter"]
[Black "Mons, Leon"]
[Result "1/2-1/2"]
[WhiteElo "2472"]
[BlackElo "2553"]
[PlyCount "113"]
[EventDate "2018.11.15"]
[EventType "team"]
[EventRounds "11"]
[EventCountry "AUT"]
[WhiteTeam "Data Technology Pressbaum"]
[BlackTeam "SIR Salzburg"]

1.d4 d5 2.Nf3 Nf6 3.Bf4 c5 4.e3 Nc6 5.Nbd2 cxd4 6.exd4 Bf5 7.c3 e6 8.Nh4 Be4 9.Nxe4
dxe4 10.g3 Bd6 11.Be3 O-O 12.Be2 Nd5 13.Qd2 f5 14.Ng2 Qc7 15.O-O Na5 16.Kh1 Nc4 17.Bxc4
Qxc4 18.Bf4 Nxf4 19.Nxf4 Rad8 20.Qe2 Qxe2 21.Nxe2 g5 22.f3 exf3 23.Rxf3 Kg7 24.Re1
e5 25.dxe5 Bxe5 26.Nc1 Bd6 27.Nb3 Kg6 28.Nd4 Rde8 29.Rxe8 Rxe8 30.Rxf5 Be5 31.Rf2
Bxd4 32.cxd4 Re1+ 33.Kg2 Rd1 34.Kf3 Rxd4 35.Ke3 Rd6 36.Ke4 h6 37.Ke5 Rd3 38.g4 h5
39.Rf6+ Kg7 40.Rf5 Kg6 41.gxh5+ Kxh5 42.Rf7 Rd2 43.Rxb7 Kg4 44.a4 a5 45.Rb5 Rxh2 46.b3
Rf2 47.Ke4 Rf3 48.Rxg5+ Kxg5 49.Kxf3 Kf5 50.Ke3 Ke5 51.Kd3 Kd5 52.Kc3 Kc5 53.Kc2 Kd5
54.Kd3 Kc5 55.Kc3 Kd5 56.b4 axb4+ 57.Kxb4 1/2-1/2

[Event "1. Bundesliga 2018/2019"]
[Site "St. Veit an der Glan"]
[Date "2018.11.16"]
[Round "2"]
[Board "2"]
[White "Durakovic, Alman"]
[Black "Videki, Sandor"]
[Result "1-0"]
[WhiteElo "2283"]
[BlackElo "2380"]
[PlyCount "72"]
[EventDate "2018.11.15"]
[EventType "team"]
[EventRounds "11"]
[EventCountry "AUT"]
[WhiteTeam "SIR Salzburg"]
[BlackTeam "Data Technology Pressbaum"]

1.d4 Nf6 2.c4 g6 3.g3 Bg7 4.Bg2 O-O 5.Nc3 d6 6.Nf3 Nbd7 7.O-O e5 8.e4 exd4 9.Nxd4
Re8 10.h3 Nc5 11.Re1 Bd7 12.Rb1 h6 13.b4 Ne6 14.Nf3 Nh7 15.Nd5 a5 16.b5 Nc5 17.b6
cxb6 18.Nxb6 Ra6 19.Nxd7 Qxd7 20.Bb2 Bxb2 21.Rxb2 Nf6 22.Qd4 Nfxe4 23.Rbe2 Raa8 24.Rxe4
Nxe4 25.Rxe4 Rxe4 26.Qxe4 Re8 27.Qf4 Qa4 28.Nd2 Qxa2 29.Bd5 Qa1+ 30.Kg2 Re7 31.Qxd6
Kf8 32.Nb3 Qe1 33.Qd8+ Kg7 34.Qxa5 Qe2 35.Qc3+ f6 36.Qd4 Qe5 1-0

[Event "1. Bundesliga 2018/2019"]
[Site "St. Veit an der Glan"]
[Date "2018.11.16"]
[Round "2"]
[Board "3"]
[White "Hechl, Gerald"]
[Black "Oberhofer, Cedric"]
[Result "1-0"]
[WhiteElo "2356"]
[BlackElo "2212"]
[PlyCount "107"]
[EventDate "2018.11.15"]
[EventType "team"]
[EventRounds "11"]
[EventCountry "AUT"]
[WhiteTeam "Data Technology Pressbaum"]
[BlackTeam "SIR Salzburg"]

1.c4 e5 2.Nc3 Nf6 3.e3 d5 4.cxd5 Nxd5 5.Qh5 Qd6 6.Nf3 Nxc3 7.bxc3 Nd7 8.Bc4 g6 9.Qh4
Nb6 10.Bb3 Be7 11.Qh6 Bf8 12.Qh4 Be7 13.Qg3 f6 14.d4 exd4 15.exd4 Bd7 16.Bf4 Qc6 17.O-O
O-O-O 18.d5 Qc5 19.Rfe1 Bd6 20.Bxd6 cxd6 21.Qf4 Nxd5 22.Bxd5 Qxd5 23.Qxf6 Rhf8 24.Qd4
Qxd4 25.Nxd4 Rfe8 26.f4 Kb8 27.Kf2 Rc8 28.Rxe8 Rxe8 29.Rd1 Rc8 30.Rd3 Rc4 31.Ne2 Kc7
32.Ke3 Ra4 33.Rd2 Be6 34.Nc1 Ra3 35.Kd4 Ra4+ 36.Ke3 Ra3 37.Kd4 Kc6 38.Rb2 b5 39.Nd3
a5 40.Nc1 Ra4+ 41.Ke3 Rc4 42.Ne2 Kc5 43.g3 b4 44.cxb4+ axb4 45.Rd2 Rc3+ 46.Nxc3 bxc3
47.Rd3 Kb4 48.Kd4 c2 49.Rc3 Bf5 50.g4 Bxg4 51.Rxc2 Be6 52.Rb2+ Ka3 53.Rb6 Bxa2 54.Kc3 1-0

[Event "1. Bundesliga 2018/2019"]
[Site "St. Veit an der Glan"]
[Date "2018.11.16"]
[Round "2"]
[Board "4"]
[White "Goldbeck, Lars"]
[Black "Ganaus, Hannes"]
[Result "1-0"]
[WhiteElo "2213"]
[BlackElo "2242"]
[PlyCount "41"]
[EventDate "2018.11.15"]
[EventType "team"]
[EventRounds "11"]
[EventCountry "AUT"]
[WhiteTeam "SIR Salzburg"]
[BlackTeam "Data Technology Pressbaum"]

1.d4 Nf6 2.c4 e6 3.Nc3 Bb4 4.f3 O-O 5.a3 Bxc3+ 6.bxc3 Ne8 7.e4 Nc6 8.Bd3 b6 9.Nh3
Ba6 10.O-O Na5 11.Qe2 f6 12.Rb1 c5 13.e5 Rc8 14.d5 exd5 15.e6 dxe6 16.Qxe6+ Kh8 17.Nf4
Bxc4 18.Ng6+ hxg6 19.Qh3+ Kg8 20.Bxg6 Rf7 21.Re1 1-0

[Event "1. Bundesliga 2018/2019"]
[Site "St. Veit an der Glan"]
[Date "2018.11.16"]
[Round "2"]
[Board "5"]
[White "Neumeier, Klaus"]
[Black "Leeb, Simon"]
[Result "0-1"]
[WhiteElo "2315"]
[BlackElo "2178"]
[PlyCount "70"]
[EventDate "2018.11.15"]
[EventType "team"]
[EventRounds "11"]
[EventCountry "AUT"]
[WhiteTeam "Data Technology Pressbaum"]
[BlackTeam "SIR Salzburg"]

1.c4 c6 2.Nf3 d5 3.g3 g6 4.Bg2 Bg7 5.O-O Nf6 6.b3 Ne4 7.d4 Nd7 8.Bb2 Nb6 9.Ne5 O-O
10.a4 Be6 11.a5 Nd7 12.Nd3 f5 13.Qc2 Rc8 14.f3 Nd6 15.Nd2 Re8 16.e4 fxe4 17.fxe4 dxe4
18.Nxe4 Nxe4 19.Bxe4 Bh3 20.Nf4 Bg4 21.h3 e5 22.hxg4 exf4 23.gxf4 Nf8 24.Rad1 Qh4
25.Qg2 a6 26.Rd3 Rcd8 27.g5 Re7 28.Rh3 Qxh3 29.Qxh3 Rxe4 30.f5 Bxd4+ 31.Bxd4 Rdxd4
32.Rf2 Rg4+ 33.Kf1 gxf5 34.Rxf5 Ng6 35.Qf3 Rgf4 0-1

[Event "1. Bundesliga 2018/2019"]
[Site "St. Veit an der Glan"]
[Date "2018.11.16"]
[Round "2"]
[Board "6"]
[White "Rosner, Gerhard"]
[Black "Weissenbeck, Manuel"]
[Result "0-1"]
[WhiteElo "2042"]
[BlackElo "2271"]
[PlyCount "40"]
[EventDate "2018.11.15"]
[EventType "team"]
[EventRounds "11"]
[EventCountry "AUT"]
[WhiteTeam "SIR Salzburg"]
[BlackTeam "Data Technology Pressbaum"]

1.d4 Nf6 2.Nf3 d5 3.e3 e6 4.Bd3 c5 5.b3 Qc7 6.dxc5 Bxc5 7.Bb2 Nc6 8.Nbd2 Bd7 9.a3
e5 10.e4 O-O 11.O-O Rfe8 12.h3 Rad8 13.Ng5 h6 14.exd5 hxg5 15.dxc6 Bxc6 16.Qe1 e4
17.Bxf6 gxf6 18.Nxe4 Bxe4 19.Bxe4 Qf4 20.Rd1 Rxd1 0-1

[Event "1. Bundesliga 2018/2019"]
[Site "St. Veit an der Glan"]
[Date "2018.11.17"]
[Round "3"]
[Board "1"]
[White "Mons, Leon"]
[Black "Bindrich, Falko"]
[Result "1/2-1/2"]
[WhiteElo "2553"]
[BlackElo "2609"]
[PlyCount "43"]
[EventDate "2018.11.15"]
[EventType "team"]
[EventRounds "11"]
[EventCountry "AUT"]
[WhiteTeam "SIR Salzburg"]
[BlackTeam "SK Hohenems"]

1.e4 c5 2.Nf3 d6 3.Bb5+ Nd7 4.O-O a6 5.Bd3 Ngf6 6.Re1 e6 7.c3 b5 8.Bc2 Bb7 9.d3 Be7
10.Nbd2 O-O 11.Nf1 Qc7 12.Ng3 Rfe8 13.h3 Bf8 14.d4 Rac8 15.Bd3 cxd4 16.cxd4 e5 17.d5
Nc5 18.Bc2 Ne6 19.Bb3 Nc5 20.Bc2 Ne6 21.Bb3 Nc5 22.Bc2 1/2-1/2

[Event "1. Bundesliga 2018/2019"]
[Site "St. Veit an der Glan"]
[Date "2018.11.17"]
[Round "3"]
[Board "2"]
[White "Martinovic, Sasa"]
[Black "Durakovic, Alman"]
[Result "1-0"]
[WhiteElo "2555"]
[BlackElo "2283"]
[PlyCount "37"]
[EventDate "2018.11.15"]
[EventType "team"]
[EventRounds "11"]
[EventCountry "AUT"]
[WhiteTeam "SK Hohenems"]
[BlackTeam "SIR Salzburg"]

1.d4 Nf6 2.Bg5 Ne4 3.Bf4 c5 4.f3 Qa5+ 5.c3 Nf6 6.d5 Qb6 7.e4 e6 8.Na3 Qxb2 9.Nb5 Na6
10.Rb1 Qxa2 11.Ra1 Qb2 12.d6 c4 13.Bxc4 Qxg2 14.Rxa6 Nxe4 15.Ra2 Qxh1 16.Kf1 f6 17.h3
a6 18.Nc7+ Kd8 19.Rh2 1-0

[Event "1. Bundesliga 2018/2019"]
[Site "St. Veit an der Glan"]
[Date "2018.11.17"]
[Round "3"]
[Board "3"]
[White "Leeb, Simon"]
[Black "Rozentalis, Eduardas"]
[Result "1/2-1/2"]
[WhiteElo "2178"]
[BlackElo "2568"]
[PlyCount "127"]
[EventDate "2018.11.15"]
[EventType "team"]
[EventRounds "11"]
[EventCountry "AUT"]
[WhiteTeam "SIR Salzburg"]
[BlackTeam "SK Hohenems"]

1.d4 Nf6 2.c4 e6 3.a3 g6 4.Nc3 Bg7 5.e4 d6 6.Be2 O-O 7.Bg5 h6 8.Be3 e5 9.d5 Nbd7 10.b4
a5 11.c5 dxc5 12.bxc5 c6 13.Qa4 cxd5 14.exd5 e4 15.Bd4 b6 16.c6 Nc5 17.Bxc5 bxc5 18.Rd1
Qd6 19.Nb5 Qe5 20.Qc4 Rd8 21.d6 Be6 22.Qc3 Qxc3+ 23.Nxc3 Bb3 24.c7 Rd7 25.Rb1 Bf8
26.Bb5 Rxd6 27.Rxb3 Rc8 28.Bc4 Rd4 29.Ba6 Rxc7 30.Nb5 Rc6 31.Bb7 a4 32.Bxc6 axb3 33.Ne2
Ra4 34.Nec3 Ra6 35.Bd5 Nxd5 36.Nxd5 c4 37.Kd2 Bxa3 38.Nxa3 Rxa3 39.Nc3 f5 40.Ke3 Ra7
41.Rd1 Kf7 42.Rd4 Ra3 43.Kd2 b2 44.Nb1 Rd3+ 45.Rxd3 cxd3 46.Kc3 f4 47.Kxb2 Ke6 48.Kc3
Kd5 49.f3 g5 50.fxe4+ Kxe4 51.Kd2 f3 52.Nc3+ Ke5 53.Kxd3 fxg2 54.Ne2 g4 55.Ke3 h5
56.Kf2 h4 57.Kxg2 Ke4 58.Nc3+ Kf4 59.Nd5+ Ke5 60.Nb6 Kf4 61.Nd7 Kf5 62.Nf8 Kf4 63.Kf1
Kf3 64.Ng6 1/2-1/2

[Event "1. Bundesliga 2018/2019"]
[Site "St. Veit an der Glan"]
[Date "2018.11.17"]
[Round "3"]
[Board "4"]
[White "Schneider, Ilja"]
[Black "Rosner, Gerhard"]
[Result "1-0"]
[WhiteElo "2504"]
[BlackElo "2042"]
[PlyCount "87"]
[EventDate "2018.11.15"]
[EventType "team"]
[EventRounds "11"]
[EventCountry "AUT"]
[WhiteTeam "SK Hohenems"]
[BlackTeam "SIR Salzburg"]

1.d4 d5 2.c4 e6 3.Nf3 c6 4.Qc2 Nf6 5.g3 Bd6 6.Bg2 O-O 7.O-O Nbd7 8.Nc3 b6 9.e4 dxe4
10.Ng5 Bb7 11.Ncxe4 Be7 12.Rd1 h6 13.Nxf6+ Nxf6 14.Nf3 Qc8 15.c5 Nd5 16.Bd2 Qc7 17.b4
Bf6 18.Rac1 b5 19.a3 Rad8 20.Re1 Rfe8 21.Qe4 Bc8 22.Bf1 Be7 23.Ne5 f5 24.Qf3 Bf6 25.h4
Bxe5 26.Rxe5 Qf7 27.Bg2 Qf6 28.Rce1 Re7 29.Qe2 Rf7 30.Kh2 g5 31.Qh5 Rg7 32.Rh1 Qg6
33.Qxg6 Rxg6 34.hxg5 hxg5 35.g4 Rf8 36.Kg1 Nf4 37.gxf5 Rxf5 38.Bxc6 Rxe5 39.dxe5 Ne2+
40.Kf1 Nd4 41.Be4 Rg7 42.Rg1 g4 43.Bh6 Nf3 44.Bxf3 1-0

[Event "1. Bundesliga 2018/2019"]
[Site "St. Veit an der Glan"]
[Date "2018.11.17"]
[Round "3"]
[Board "5"]
[White "Prodinger, Johannes"]
[Black "Henrichs, Thomas"]
[Result "0-1"]
[WhiteElo "1954"]
[BlackElo "2443"]
[PlyCount "38"]
[EventDate "2018.11.15"]
[EventType "team"]
[EventRounds "11"]
[EventCountry "AUT"]
[WhiteTeam "SIR Salzburg"]
[BlackTeam "SK Hohenems"]

1.Nf3 Nf6 2.d4 g6 3.c4 Bg7 4.g3 O-O 5.Bg2 d6 6.O-O Nbd7 7.Nc3 e5 8.dxe5 dxe5 9.Qc2
c6 10.b3 Re8 11.Bb2 e4 12.Ng5 e3 13.f4 Nc5 14.Rad1 Qc7 15.Bh3 h6 16.Bxc8 Qxc8 17.Ba3
hxg5 18.Bxc5 Qh3 19.fxg5 Ng4 0-1

[Event "1. Bundesliga 2018/2019"]
[Site "St. Veit an der Glan"]
[Date "2018.11.17"]
[Round "3"]
[Board "6"]
[White "Baenziger, Fabian"]
[Black "Havas, Clemens"]
[Result "1-0"]
[WhiteElo "2349"]
[BlackElo "1976"]
[PlyCount "59"]
[EventDate "2018.11.15"]
[EventType "team"]
[EventRounds "11"]
[EventCountry "AUT"]
[WhiteTeam "SK Hohenems"]
[BlackTeam "SIR Salzburg"]

1.Nf3 Nf6 2.c4 c5 3.g3 b6 4.Bg2 Bb7 5.O-O e6 6.Nc3 Be7 7.d4 cxd4 8.Qxd4 d6 9.b3 O-O
10.Rd1 Na6 11.Bb2 Qc8 12.Nb5 Rd8 13.Rac1 Nc5 14.h3 a6 15.Nc3 Qc7 16.Qe3 Rac8 17.Bf1
Rd7 18.b4 Nce4 19.Na4 Bd8 20.Bd4 e5 21.Bxb6 Qc6 22.Bxd8 Qxa4 23.Bxf6 Nxf6 24.Qb3 Qc6
25.Bg2 Rdc7 26.c5 Qb5 27.a4 Qxe2 28.Rd2 Qe4 29.Nh4 Bd5 30.Rxd5 1-0